| 000 | 00967naa a22002897a 4500 | ||
|---|---|---|---|
| 001 | BR4900030 | ||
| 003 | BR-BrBNA | ||
| 005 | 20240918172823.0 | ||
| 007 | ta | ||
| 008 | 230509b bl.||||| |||| 00| 0 por d | ||
| 040 |
_aBR-BrBNA _bpor _cBiblioteca Nacional de Agricultura |
||
| 041 | _a(Pt) | ||
| 072 |
_aS10 _b0336 |
||
| 090 | _aS10 BR4900030 | ||
| 100 | 1 | _aPechnik, E. | |
| 100 | 1 | _aLuz, H. de S. | |
| 245 | 1 | _aContribuicao ao estudo do feijao soja [Composicao de alimento; Valor nutritivo; Glycine max] | |
| 260 | 3 |
_aRio de Janeiro, GB (Brasil): _c1949. |
|
| 500 | _aTrabalhos e pesquisas Rio de Janeiro, GB (Brasil): 1949. p. 261-270 (BR4900030-AM)S10 | ||
| 650 | _aComposicao de alimento | ||
| 650 | _aSoja | ||
| 650 | _aAnalise de alimento | ||
| 650 | _aValor nutritivo | ||
| 773 | 0 |
_tTrabalhos e pesquisas : v. 2 / _wS00 BR4900023 _gRio de Janeiro, GB (Brasil), 1949. _q318 p. |
|
| 909 |
_a202404 _bLucia _c55 _dLucia Elande |
||
| 942 |
_cAM _2AGRIS |
||
| 999 |
_c301586 _d301586 |
||